Historia de la literatura hispanoamericana /

Guardado en:
Detalles Bibliográficos
Autor principal: Anderson Imbert, Enrique (autor)
Formato: Libro
Idioma:Español
Publicado: México : Fondo de Cultura Económica, 1957, c1957
Etiquetas: Agrega una etiqueta
Sin etiquetas, Sé el primero en etiquetar este registro!

MARC

LEADER 00000nam^a2200000^a^4500
001 000620446
005 20260220000000.0
009 20260310133840.002
037 |a Acervo ITESO - Biblioteca 
041 |a ESP 
091 |a FOB. 01414 
100 |a Anderson Imbert, Enrique  |e (autor) 
245 1 0 |a Historia de la literatura hispanoamericana / 
264 4 |a México :  |b Fondo de Cultura Económica,  |c 1957, c1957 
300 |a 509 p. 
336 |a texto  |b txt  |2 rdacontenido 
337 |a sin mediación  |b n  |2 rdamedio 
338 |a volumen  |b nc  |2 rdasoporte 
649 |a XX 
910 |a Fondo Carlos de Obeso Orendain 
920 |a Impresos - Libros 
930 |a Fondos Especiales 
905 |a 147 
901 |a 621048-10  |b IT2  |c ESP  |i D  |u 20250911 
902 |a https://opac.biblio.iteso.mx/vufind/Record/000620446